000 00285nam a22001217a 4500
008 170906b xxu||||| |||| 00| 0 eng d
041 _ager
080 _a72
100 _a41
101 _aARK
245 _aFAKULTAT FUR BAUINGENIEURWESEN UN ARCHITEKTUR
_cSCHWANZER,K
942 _2udc
_cBK
999 _c26273
_d26273